Junior Forensic Science 2016 (JuFoS 2016) : 8. odborná konference doktorského studia, 21.4.2016, Brno, ČR. Sborník příspěvků

Guardado en:
Detalles Bibliográficos
Autor Corporativo: Junior Forensic Science. Brno, ČR
Formato: Procedimiento de la Conferencia Libro
Publicado: Brno : Vysoké učení technické, 2016
Edición:1. vyd.
Etiquetas: Agregar Etiqueta
Sin Etiquetas, Sea el primero en etiquetar este registro!

MARC

LEADER 00000nam a22000003a 4500
001 0014010
003 SK-STU
005 20160429090529.1
007 ta
008 160422s ----xo-----e------100-0-----d
020 |a 978-80-214-5336-4 
040 |a STU  |b slo 
044 |a xr 
111 2 |a Junior Forensic Science.  |n 8th  |d 21.04.2016 :  |c Brno, ČR 
245 1 0 |a Junior Forensic Science 2016 (JuFoS 2016) :  |b 8. odborná konference doktorského studia, 21.4.2016, Brno, ČR. Sborník příspěvků 
250 |a 1. vyd. 
260 |a Brno :  |b Vysoké učení technické,  |c 2016 
300 |a 1 CD-ROM 
996 |b 284M084543  |c M* CD-2593  |l MMKN  |s A  |a 24  |w 0014010_0001